000 00638nam a2200217Ii 4500
003 JO-AjNU
008 230605s9999||||xx |||||||||||||| ||und||
017 _a2004/2/275
040 _aJO-AjNU
_bara
_erda
_cJO-AjNU
041 _aara
050 1 4 _aQM511.A2854 2004
100 3 _aابوخالد ، اسامة,
_eauthor
_99476
245 0 0 _aتشريح العين
250 _aط1
264 3 1 _aعمان:مكتبة المجتمع العربي ، 2004
300 _a193ص
336 _atext
_btxt
_2rdacontent
337 _aunmediated
_bn
_2rdamedia
338 _avolume
_bnc
_2rdacarrier
650 4 _aطب العيون - العين
_99477
999 _aA1321
_c4889
_d4889